Smrt v horkém větru /

Hlavní autor: Warner, Douglas
Další autoři: Jindra, Miroslav, 1929-2021
Jazyk: Čeština
Vydáno: Praha : Melantrich, 1985
Vydání: 1. vyd.
Externí odkaz: Digitalizovaný dokument
Fyzický popis: 117 s. ; 20 cm
Knihy
Uloženo v:
LEADER 01136nam a22003252a 4500
001 001225793
003 CZ BrMZK
005 20120624091020.0
007 ta
008 120624s1985 xr er|||||||||||cze d
015 |a cnb000027180 
035 |a (OCoLC)39589613 
040 |a ABA001  |b cze  |d ABA001 
041 1 |a cze  |h eng 
080 9 |a 820-31 
100 1 |a Warner, Douglas  |4 aut 
245 1 0 |a Smrt v horkém větru /  |c Douglas Warner ; z angl. přel. Miroslav Jindra 
250 |a 1. vyd. 
260 |a Praha :  |b Melantrich,  |c 1985 
300 |a 117 s. ;  |c 20 cm 
500 |a 30000 výt. 
500 |a Přeloženo z angličtiny 
700 1 |a Jindra, Miroslav,  |d 1929-2021  |7 jk01051740  |4 trl 
765 0 |t Death on a Warm Wind  |9 Česky 
856 4 1 |u http://www.digitalniknihovna.cz/mzk/uuid/uuid:4291c840-7024-11e2-b1d4-005056827e51  |y Digitalizovaný dokument  |x NDK 
910 |a BOA001  |b D-0887.877 
990 |a BK 
991 |b 201206 
996 6 |b 2619534960  |c D-0887.877  |l MZK  |r Sklad / do 24 hodin  |n 0  |w 001259766  |u 000010  |a 1  |e BOA001  |j MZK50  |s P 
996 6 |b 2619534961  |c D-0887.877  |l MZK  |r Sklad / do 24 hodin  |n 0  |w 001259766  |u 000020  |a 1  |e BOA001  |j MZK50  |s P